Library of the University of Algiers 3
Ibrahim Sultan Cheibout
شعار جامعة الجزائر 3
مكتبة جامعة الجزائر 3
إبراهيم سلطان شيبوط

العرب والعولمة : (رقم التسجيلة. 45366)

تفاصيل مارك
000 -LEADER
fixed length control field 01099nam a2200229Ia 4500
003 - CONTROL NUMBER IDENTIFIER
control field Ost
005 - DATE AND TIME OF LATEST TRANSACTION
control field 20260507075639.0
008 - FIXED-LENGTH DATA ELEMENTS--GENERAL INFORMATION
fixed length control field 260507s9999||||xx |||||||||||||| ||und||
020 ## - INTERNATIONAL STANDARD BOOK NUMBER
International Standard Book Number 9329208977
040 ## - CATALOGING SOURCE
Transcribing agency fsecg
041 ## - LANGUAGE CODE
Language code of text/sound track or separate title ara
082 ## - DEWEY DECIMAL CLASSIFICATION NUMBER
Classification number 338.0956
100 ## - MAIN ENTRY--PERSONAL NAME
Personal name حوات، محمد علي
Relator term مؤلف
245 #0 - TITLE STATEMENT
Title العرب والعولمة :
Remainder of title شجون الحاضر و غموض المستقبل /
Statement of responsibility, etc. محمد علي حوات
260 ## - PUBLICATION, DISTRIBUTION, ETC.
Place of publication, distribution, etc. القاهرة:
Name of publisher, distributor, etc. مكتبة مدبولي,
Date of publication, distribution, etc. 2002
300 ## - PHYSICAL DESCRIPTION
Extent 243 صفحة؛
Dimensions 24 سم
504 ## - BIBLIOGRAPHY, ETC. NOTE
Bibliography, etc. note المراجع ص.237
520 ## - SUMMARY, ETC.
Summary, etc. مفهوم العولمة، الشرق أوسطية والعولمة، العولمة من منظور ثورة المعلومات و تكنولوجيا الاتصال ، الأنترنت و ثورة المعلومات،العولمة الاقتصادية و اتفاقيةالجات،العالم الثالث و العولمة،العرب و تحولات القرن العشرين،العرب و العولمة
653 ## - INDEX TERM--UNCONTROLLED
Uncontrolled term العالم العربي
653 ## - INDEX TERM--UNCONTROLLED
Uncontrolled term العولمة
942 ## - ADDED ENTRY ELEMENTS (KOHA)
Koha item type كتب
المقتنيات
Withdrawn status Lost status Source of classification or shelving scheme Damaged status Not for loan Home library Current library Date acquired Serial enumeration / chronology Inventory number Total checkouts Full call number Barcode Date last seen Price effective from Koha item type
    Dewey Decimal Classification   NOT LOAN / إعارة داخلية مكتبة كلية العلوم الإقتصادية والعلوم التجارية وعلوم التسيير مكتبة كلية العلوم الإقتصادية والعلوم التجارية وعلوم التسيير 07/05/2026 الطابق الأرضي 851/1   أ/851ن1 851/1 07/05/2026 07/05/2026 كتب

موارد الويب المفتوحة


© University of Algiers 3 All Rights Reserved
|
Implemented by LECHELAH Riad